| 000 | 00864nam a2200277Ia 4500 | ||
|---|---|---|---|
| 003 | GCL | ||
| 008 | 140319s9999 xx 000 0 ara d | ||
| 040 |
_aGCL / _cGCL |
||
| 082 | 0 | 4 |
_a189.09 _bد ت |
| 100 | 1 | _aمحمد عبدالهادى ابوريدة | |
| 245 | 1 | 0 |
_aتاريخ الفلسفة فى الاسلام / _cمحمد عبدالهادى ابوريدة |
| 700 | 1 | _aدى يور، ت. ج. | |
| 250 | _aالخامسة | ||
| 260 |
_aالقاهرة : _bمكتبة الانجلوالمصرية |
||
| 300 |
_a432 ص ؛ _c24 سم |
||
| 490 | _a | ||
| 650 | 0 | 4 | _aالفلسفة الاسلامية |
| 650 | 0 | 4 | _aتاريخ |
| 650 | 0 | 4 | _aالفلسفة |
| 650 | 0 | 4 | _aالفلسفة اليونانية |
| 650 | 0 | 4 | _aالغزالى |
| 650 | 0 | 4 | _aابن الطفيل |
| 650 | 0 | 4 | _aابن مسكويه |
| 650 | 0 | 4 | _aابن سينا |
| 942 |
_2ddc _cBK |
||
| 999 |
_c32130 _d32130 |
||